000 00785nam a2200229Ia 4500
005 20250108124906.0
008 008 250107s9999 xx 000 0 hin d
020 _a978-1-68494-662-4
037 _aTB
040 _aCRL
_bhin
_cCRL
041 _ahin
_2hin
084 _aO152,8N521:g R1
084 _qCRL
100 _aसुधीर चन्द्र, ले.
245 0 _aसुर संसार: सुधीर - संजय संवाद
_cसुधीर चन्द्र, ले.
260 _aनई दिल्ली, भारत
_bराजकमल प्रकाशन
_c2569
300 _a254पृ0
365 _aINR
_b225
650 _aललित कला
_9156314
942 _cTB
_hO152,8N521:g R1
999 _c1234957
_d1234957